000 00349nam a22001457a 4500
003 OSt
005 20220128131605.0
008 220128b |||||||| |||| 00| 0 eng d
020 _a0534374638
040 _cH U
082 _a621.38
100 _aSchetzen Martin
_929036
245 _aDiscrete Systems Laboratory Using Matlab
942 _2ddc
_cBOOKS
_n0
999 _c28359
_d28359